ICE manual of construction law (Record no. 112327)
[ view plain ]
| 000 -LEADER | |
|---|---|
| fixed length control field | 01889cam a22002295a 4500 |
| 001 - CONTROL NUMBER | |
| control field | L153016 |
| 008 - FIXED-LENGTH DATA ELEMENTS--GENERAL INFORMATION | |
| fixed length control field | 110523s2011 xxk f 000 0 eng d |
| 020 ## - INTERNATIONAL STANDARD BOOK NUMBER | |
| International Standard Book Number | 9780727740878 |
| 035 ## - SYSTEM CONTROL NUMBER | |
| System control number | (Sirsi) u153016 |
| 041 0# - LANGUAGE CODE | |
| Language code of text/sound track or separate title | eng |
| 050 04 - LIBRARY OF CONGRESS CALL NUMBER | |
| Classification number | 692.8 $2 18 |
| 110 2# - MAIN ENTRY--CORPORATE NAME | |
| Corporate name or jurisdiction name as entry element | Institute of Civil Engineers |
| 9 (RLIN) | 5948 |
| 245 00 - TITLE STATEMENT | |
| Title | ICE manual of construction law |
| 260 ## - PUBLICATION, DISTRIBUTION, ETC. | |
| Place of publication, distribution, etc. | London |
| Name of publisher, distributor, etc. | ICE |
| Date of publication, distribution, etc. | 2011 |
| 300 ## - PHYSICAL DESCRIPTION | |
| Extent | xiv, 554p. |
| Dimensions | 30cm. |
| 490 #0 - SERIES STATEMENT | |
| Series statement | ICE manuals series |
| 505 2# - FORMATTED CONTENTS NOTE | |
| Formatted contents note | Section 1, legal issues arising during the course of the construction project: the planning system; financing the project; public sector projects; public-private sector partnerships; facilities management contracts; procurement route; the construction contract; tender process; construction insurance; bonds, parent company guarantees and other security; ways of operating; joint ventures; international offices; the consulting engineer's appointment; collateral warranties -- Section 2, operational issues in an engineering practice: professional indemnity insurance; employment law; intellectual property -- Section 3, general law: the law of contract; construction health and safety I, enforcement, HSW Act and management duties; construction health and safety II, industry and hazard-specific regulations, work equipment and workplace safety; insolvency in construction; law of tort; environmental issues -- Section 4, construction disputes: administration of claims; litigation for the construction industry; arbitration; adjudication; alternative dispute resolution. |
| 520 ## - SUMMARY, ETC. | |
| Summary, etc. | Written for those without legal training, this book looks at various issues relating to construction law, including: planning, financing and procurement, operational issues and general law, and claims and dispute resolution. |
| 651 #4 - SUBJECT ADDED ENTRY--GEOGRAPHIC NAME | |
| Geographic name | England and Wales |
| Chronological subdivision | 1543- |
| 690 ## - LOCAL SUBJECT ADDED ENTRY--TOPICAL TERM (OCLC, RLIN) | |
| Topical term or geographic name as entry element | BUILT ENVIRONMENT-CONSTRUCTION MANAGEMENT |
| 942 ## - ADDED ENTRY ELEMENTS (KOHA) | |
| Suppress in OPAC | 0 |
| Withdrawn status | Lost status | Source of classification or shelving scheme | Damaged status | Not for loan | Home library | Current library | Shelving location | Date acquired | Total Checkouts | Full call number | Barcode | Date last seen | Copy number | Price effective from | Koha item type |
|---|---|---|---|---|---|---|---|---|---|---|---|---|---|---|---|
| Dewey Decimal Classification | London | London | Folio | 23/05/2011 | F692.8 INS | 30076976 | 06/08/2019 | 1 | 06/08/2019 | Book |